| 000 | 01311cam a2200325 a 4500 | ||
|---|---|---|---|
| 001 | 4017579 | ||
| 003 | NUST-PNEC | ||
| 005 | 20170116180739.0 | ||
| 008 | 970730s1997 caua 001 0 eng | ||
| 010 | _a 97034130 | ||
| 020 | _a1571691049 | ||
| 020 | _a8176350524 | ||
| 040 |
_aDLC _cPNEC _dDLC |
||
| 050 | 0 | 0 |
_aQA76.9.D3 _bV567 1997 |
| 082 | 0 | 0 |
_a005.43 KEN _221 |
| 100 |
_91090 _aKennedy, Dennis |
||
| 245 | 0 | 0 |
_aVisual Basic 5 database how-to : the definitive database problem-solver / _cDennis Kennedy ... [et al.]. |
| 246 | 3 | _aVisual Basic five database how-to | |
| 260 |
_aCorte Madera, CA /New Delhi : _bWaite Group Press/Techmedia _cc1997. |
||
| 300 |
_axiii, 1068 p. : _bill. ; _c23 cm. |
||
| 500 | _aIncludes index. | ||
| 630 | 0 | 0 | _aVisual Basic. |
| 650 | 0 |
_aDatabase management. _xComputer, MIS |
|
| 700 | 1 |
_aKennedy, Dennis, _d1969- |
|
| 856 | _uhttp://www.amazon.com/Visual-Basic-Database-How--Problem-Solver/dp/1571691049/ref=sr_1_1?s=books&ie=UTF8&qid=1418232337&sr=1-1&keywords=VISUAL+BASIC+5+DATABASE | ||
| 906 |
_a7 _bcbc _corignew _d1 _eocip _f19 _gy-gencatlg |
||
| 942 |
_2ddc _cBK |
||
| 999 |
_c62108 _d62108 |
||